| 000 | 00356cam a2200145ua 4500 | ||
|---|---|---|---|
| 041 |
_aeng _h |
||
| 082 |
_a821 _bPAL/PA |
||
| 100 | _aPalgrave, . | ||
| 245 |
_aPalgraves golden treasury / _cPalgrave. _hTextual Documents |
||
| 260 |
_aLondon : _bJ M Dent and Sons Ltd , _c1961. |
||
| 300 | _a490 ; . | ||
| 504 | _a | ||
| 942 | _cBK | ||
| 999 |
_c6071 _d6071 |
||